[Event "Charleroi op"]
[Site "Charleroi"]
[Date "2018.07.30"]
[Round "4"]
[White "Mueller, Martin2"]
[Black "Mitran, Marie"]
[Result "1-0"]
[WhiteElo "2078"]
[BlackElo "1768"]
[PlyCount "73"]
[EventDate "2018.07.28"]
[EventType "swiss"]
[EventRounds "9"]
[EventCountry "BEL"]
[SourceTitle "CBM 185 Extra"]
[Source "ChessBase"]
[SourceDate "2018.07.29"]
[SourceVersion "1"]
[SourceVersionDate "2018.07.29"]
[SourceQuality "1"]

1. e4 e5 2. Nc3 Nf6 3. Bc4 Bc5 4. d3 Nc6 5. f4 d6 6. Nf3 h6 7. Na4 Bb6 8. Nxb6 axb6 9. 0-0 0-0 10. a3 Be6 11. Bxe6 fxe6 12. fxe5 Nxe5 13. Nxe5 dxe5 14. Be3 b5 15. Bc5 Rf7 16. Qf3 Qe8 17. Be3 Qe7 18. Qg3 Kh7 19. Qxe5 Ng4 20. Qg3 Nxe3 21. Qxe3 b4 22. Rxf7 Qxf7 23. a4 Qd7 24. b3 Ra6 25. e5 Qd5 26. Re1 Rc6 27. Qe4+ Qxe4 28. Rxe4 Rb6 29. Rc4 c6 30. Kf2 Kg6 31. Ke3 Ra6 32. Rxb4 b6 33. Rf4 Ra8 34. g4 Rd8 35. h4 Rd5 36. d4 Rd7 37. Rf8 1-0

[Event "Rheinland Pfalz op 10th"]
[Site "Nickenich"]
[Date "2018.06.02"]
[Round "5"]
[White "Mitran, Marie"]
[Black "Roerig, Gerhard"]
[Result "1/2-1/2"]
[WhiteElo "1716"]
[BlackElo "1916"]
[PlyCount "61"]
[EventDate "2018.05.31"]
[EventType "swiss"]
[EventRounds "7"]
[EventCountry "GER"]
[SourceTitle "EXT 2019"]
[Source "ChessBase"]
[SourceDate "2018.10.10"]
[SourceVersion "1"]
[SourceVersionDate "2018.10.10"]
[SourceQuality "1"]

1. Nf3 g6 2. g3 Bg7 3. d4 Nf6 4. Bg2 0-0 5. 0-0 d5 6. c4 c6 7. Nc3 e6 8. b3 Re8 9. Bb2 b6 10. e3 Ba6 11. Nd2 Bb7 12. Rc1 Na6 13. a3 Nc7 14. Nf3 dxc4 15. bxc4 Nd7 16. Ne4 Qe7 17. Qb3 c5 18. Ned2 Bh6 19. Qc3 Bg7 20. Qb3 Bc6 21. a4 cxd4 22. exd4 Bf8 23. Qc2 Rac8 24. Ra1 Qd8 25. Ne4 f5 26. Ned2 Bg7 27. Rfe1 Nf6 28. a5 b5 29. c5 Ne4 30. Ne5 Bxe5 31. dxe5 1/2-1/2

[Event "Rheinland Pfalz op 10th"]
[Site "Nickenich"]
[Date "2018.06.01"]
[Round "4"]
[White "Cornelius, Jorg"]
[Black "Mitran, Marie"]
[Result "1/2-1/2"]
[WhiteElo "2011"]
[BlackElo "1716"]
[PlyCount "131"]
[EventDate "2018.05.31"]
[EventType "swiss"]
[EventRounds "7"]
[EventCountry "GER"]
[SourceTitle "EXT 2019"]
[Source "ChessBase"]
[SourceDate "2018.10.10"]
[SourceVersion "1"]
[SourceVersionDate "2018.10.10"]
[SourceQuality "1"]

1. e4 e5 2. Nf3 Nc6 3. Bb5 Nf6 4. d3 Bc5 5. 0-0 0-0 6. c3 a6 7. Ba4 b5 8. Bb3 d6 9. Re1 Bb6 10. h3 Ne7 11. Nbd2 Ng6 12. Nf1 c6 13. Ng3 h6 14. d4 Bd7 15. Be3 Re8 16. dxe5 dxe5 17. Qd6 Qc7 18. Rad1 Rad8 19. Qxc7 Bxc7 20. Rd2 Bc8 21. Red1 Rd7 22. Nh5 Rxd2 23. Nxf6+ gxf6 24. Rxd2 Kg7 25. g4 Rd8 26. Rxd8 Bxd8 27. Kg2 Be7 28. Kg3 Be6 29. Nd2 Nf8 30. f4 Bc8 31. f5 Nh7 32. h4 Nf8 33. Kf3 Nd7 34. Nf1 Bb7 35. Ng3 Bf8 36. Nh5+ Kg8 37. a4 Bc8 38. Ke2 Bb7 39. Kf3 Bc8 40. axb5 axb5 41. Ba2 Bb7 42. b4 Ba6 43. Bd2 Bb7 44. Ke3 Ba6 45. Kd3 Bb7 46. c4 c5 47. cxb5 cxb4 48. Be3 Be7 49. Bd5 Bxd5 50. exd5 Bd6 51. Kc4 e4 52. Bd4 e3 53. Bxe3 Ne5+ 54. Kb3 Nxg4 55. Bf4 Bc5 56. Bd2 Bb6 57. Kxb4 Kf8 58. Bc3 Ke7 59. Nxf6 Nxf6 60. d6+ Kxd6 61. Bxf6 h5 62. Kc4 Bc7 63. Kb4 Bb6 64. Kc4 Bc7 65. Kb4 Bb6 66. Kc4 1/2-1/2

[Event "Pfalz op-B 9th"]
[Site "Neustadt an der Weinstrasse"]
[Date "2018.02.12"]
[Round "7"]
[White "Reissfelder, Matthias"]
[Black "Mitran, Marie"]
[Result "1/2-1/2"]
[WhiteElo "1832"]
[BlackElo "1759"]
[PlyCount "52"]
[EventDate "2018.02.09"]
[EventType "swiss"]
[EventRounds "7"]
[EventCountry "GER"]
[SourceTitle "CBM 182 Extra"]
[Source "ChessBase"]
[SourceDate "2018.02.23"]
[SourceVersion "1"]
[SourceVersionDate "2018.02.23"]
[SourceQuality "1"]

1. f4 d5 2. Nf3 Nf6 3. g3 g6 4. Bg2 c5 5. d3 Bg7 6. 0-0 0-0 7. Nc3 d4 8. Ne4 Nxe4 9. dxe4 Qb6 10. e3 Nc6 11. exd4 cxd4 12. Kh1 Be6 13. Nd2 Rad8 14. f5 Bc8 15. g4 Ne5 16. a4 a5 17. Ra3 d3 18. Rb3 Qc6 19. Rb5 dxc2 20. Qe2 b6 21. Rb3 Rd4 22. Nf3 Nxf3 23. Bxf3 Be5 24. Rc3 Qxa4 25. Qxc2 Qxc2 26. Rxc2 Ba6 1/2-1/2

[Event "Pfalz op-B 9th"]
[Site "Neustadt an der Weinstrasse"]
[Date "2018.02.10"]
[Round "2"]
[White "Mitran, Marie"]
[Black "Scholz, Philipp"]
[Result "0-1"]
[WhiteElo "1759"]
[BlackElo "1894"]
[PlyCount "76"]
[EventDate "2018.02.09"]
[EventType "swiss"]
[EventRounds "7"]
[EventCountry "GER"]
[SourceTitle "CBM 182 Extra"]
[Source "ChessBase"]
[SourceDate "2018.02.23"]
[SourceVersion "1"]
[SourceVersionDate "2018.02.23"]
[SourceQuality "1"]

1. d4 d5 2. Bf4 Nf6 3. e3 g6 4. Bd3 Bg7 5. h3 0-0 6. Nf3 c5 7. c3 Qb6 8. b3 Bd7 9. Nbd2 Bb5 10. Qe2 Bxd3 11. Qxd3 Nc6 12. 0-0 Rac8 13. Rac1 cxd4 14. exd4 Qa5 15. Qb1 b5 16. b4 Qd8 17. Qd3 a6 18. Nb3 Nd7 19. Rfe1 Nb6 20. Nc5 Nc4 21. Ra1 a5 22. a3 Ra8 23. Nd2 e6 24. Nxc4 dxc4 25. Qf3 Ne7 26. Be5 Nd5 27. Bxg7 Kxg7 28. Rxe6 axb4 29. cxb4 Nxb4 30. Rb1 Nc2 31. d5 Nd4 32. Qe3 Nxe6 33. dxe6 Re8 34. Qe5+ Qf6 35. Qc7 Rxa3 36. Rxb5 Re7 37. Qc8 Ra1+ 38. Kh2 Qf4+ 0-1

[Event "BEL-ch op"]
[Site "Niel"]
[Date "2017.07.01"]
[Round "1"]
[White "De Cock, Cesar"]
[Black "Mitran, Marie"]
[Result "0-1"]
[WhiteElo "1414"]
[BlackElo "1624"]
[PlyCount "60"]
[EventDate "2017.07.01"]
[EventType "swiss"]
[EventRounds "9"]
[EventCountry "BEL"]
[SourceTitle "EXT 2018"]
[Source "ChessBase"]
[SourceDate "2017.10.13"]
[SourceVersion "1"]
[SourceVersionDate "2017.10.13"]
[SourceQuality "1"]

1. d4 d5 2. e3 e6 3. c4 Nf6 4. a3 Nbd7 5. Nc3 b6 6. b4 a5 7. b5 Bb7 8. Nf3 dxc4 9. Bxc4 Nd5 10. Nxd5 exd5 11. Bd3 Bd6 12. Bb2 c6 13. Ne5 Bxe5 14. bxc6 Bxc6 15. dxe5 Qg5 16. Qf3 Nxe5 17. Bxe5 Qxe5 18. 0-0 0-0 19. a4 Rac8 20. Qh3 h6 21. Rfd1 Rfd8 22. f4 Qf6 23. Be2 Bd7 24. g4 Qb2 25. Qf1 Rc2 26. Rab1 Qa3 27. Bd3 Rc3 28. Rxb6 Qc5 29. Rb2 Qxe3+ 30. Rf2 Bxg4 0-1

[Event "BEL-ch U16 Girls"]
[Site "Blankenberge"]
[Date "2017.04.10"]
[Round "3"]
[White "Akulova, Alicia"]
[Black "Mitran, Marie"]
[Result "1/2-1/2"]
[WhiteElo "1518"]
[BlackElo "1625"]
[PlyCount "118"]
[EventDate "2017.04.09"]
[EventType "swiss"]
[EventRounds "9"]
[EventCountry "BEL"]
[SourceTitle "CBM 178 Extra"]
[Source "ChessBase"]
[SourceDate "2017.06.22"]
[SourceVersion "1"]
[SourceVersionDate "2017.06.22"]
[SourceQuality "1"]

1. e4 e5 2. Nf3 Nc6 3. Nc3 Nf6 4. d4 exd4 5. Nxd4 Bb4 6. Nxc6 Bxc3+ 7. bxc3 bxc6 8. Bd3 h6 9. 0-0 0-0 10. e5 Nh7 11. Qh5 f5 12. Bxf5 d6 13. Bd3 Qe8 14. Qxe8 Rxe8 15. exd6 cxd6 16. Bf4 d5 17. Rfe1 Bd7 18. Rxe8+ Rxe8 19. f3 c5 20. c4 dxc4 21. Bxc4+ Be6 22. Re1 Kf7 23. Bxe6+ Rxe6 24. Rxe6 Kxe6 25. c4 Nf6 26. Kf2 g5 27. Bb8 a6 28. Ke3 Nd7 29. Bc7 h5 30. h3 Nf6 31. g4 hxg4 32. hxg4 Kd7 33. Be5 Ng8 34. Ke4 Ke6 35. Bc3 Nh6 36. Bd2 Nf7 37. f4 Nd6+ 38. Kd3 gxf4 39. Bxf4 Nc8 40. a4 Nb6 41. a5 Nd7 42. g5 Kf5 43. Be3 Ne5+ 44. Kc3 Nd7 45. Kd3 Ne5+ 46. Kc3 Nd7 47. Bd2 Ne5 48. Be3 Nd7 49. Bxc5 Nxc5 50. Kb4 Ne6 51. g6 Kxg6 52. c5 Kf7 53. Kc4 Ke7 54. Kd5 Kd7 55. c6+ Ke7 56. c7 Nxc7+ 57. Kc6 Kd8 58. Kd6 Kc8 59. Kc6 Kb8 1/2-1/2